[Event "IECC M email"]
[Site "IECC email"]
[Date "2001.04.10"]
[Round "?"]
[White "Hudson, Shane"]
[Black "Coyne, David W"]
[Result "1/2-1/2"]
[WhiteElo "1908"]
[BlackElo "1779"]
[PlyCount "125"]
[EventDate "2001.??.??"]
[EventType "tourn (corr)"]
[EventRounds "6"]
[SourceTitle "Corr 2008"]
[Source "ChessBase"]
[SourceDate "2008.06.24"]
[SourceVersion "1"]
[SourceVersionDate "2008.06.24"]
[SourceQuality "1"]

1. e4 e5 2. Nc3 Nc6 3. Nf3 Nf6 4. Bb5 a6 5. Bxc6 dxc6 6. Nxe5 Bb4 7. 0-0 0-0 8. d3 Qe7 9. Nc4 Rd8 10. h3 Be6 11. Nd2 Qc5 12. Ne2 Ba5 13. Nf4 Bb6 14. Nxe6 fxe6 15. Kh1 e5 16. Nb3 Qd6 17. f4 Nxe4 18. Qe1 Nc5 19. fxe5 Qd5 20. Bf4 Nxb3 21. axb3 Rf8 22. Qg3 Rae8 23. Rfe1 Rf5 24. Re4 Bd4 25. c3 Bb6 26. c4 Qd8 27. Rd1 Bd4 28. e6 Qf6 29. Kh2 Rxe6 30. Bxc7 Rxe4 31. dxe4 Rf1 32. Rxf1 Qxf1 33. h4 Qg1+ 34. Kh3 Qh1+ 35. Qh2 Qd1 36. Qg3 h5 37. e5 Qh1+ 38. Qh2 Qf1 39. Qg3 Bf2 40. Qf4 Qh1+ 41. Qh2 Qd1 42. Qf4 Qd7+ 43. Kh2 Qxc7 44. Qxf2 Qxe5+ 45. g3 b5 46. Qd2 Kh7 47. Qc2+ g6 48. Qf2 Kg7 49. Qa7+ Kh6 50. Qf2 Kh7 51. Qf7+ Qg7 52. Qf2 Qe7 53. Qc2 Qe3 54. Kg2 Kg7 55. cxb5 cxb5 56. b4 Qe7 57. Qc3+ Kh7 58. Kf2 Qf7+ 59. Ke3 Qe6+ 60. Kd4 Qd6+ 61. Ke4 Kg8 62. Qb3+ Kg7 63. Qc3+ 1/2-1/2

[Event "IECC Y2KO email"]
[Site "IECC email"]
[Date "2000.10.26"]
[Round "?"]
[White "Hudson, Shane"]
[Black "Benyovszki, Pal"]
[Result "1-0"]
[WhiteElo "1920"]
[BlackElo "1485"]
[PlyCount "59"]
[EventDate "2000.??.??"]
[EventType "tourn (corr)"]
[EventRounds "2"]
[SourceTitle "Corr 2008"]
[Source "ChessBase"]
[SourceDate "2008.06.24"]
[SourceVersion "1"]
[SourceVersionDate "2008.06.24"]
[SourceQuality "1"]

1. e4 c5 2. Nf3 d6 3. d4 cxd4 4. Qxd4 Nc6 5. Bb5 Bd7 6. Bxc6 Bxc6 7. Nc3 Nf6 8. Bg5 e6 9. 0-0-0 Be7 10. Rhe1 0-0 11. Qd2 Qc7 12. Nd4 Rfd8 13. f3 Rac8 14. g4 b5 15. Ndxb5 Bxb5 16. Nxb5 Qc4 17. Nc3 a5 18. Qe2 Qb4 19. Qb5 Rc5 20. Qxb4 axb4 21. Bxf6 Bxf6 22. Ne2 Rdc8 23. Rd2 Ra5 24. Kb1 Rca8 25. Nc1 Be5 26. h4 Bf4 27. Rd4 Bxc1 28. Kxc1 Rxa2 29. Rxb4 g6 30. Rb6 1-0

[Event "IECC CL3-2000.19"]
[Site "IECC email"]
[Date "2000.03.21"]
[Round "?"]
[White "Pulkkinen, Marko"]
[Black "Hudson, Shane"]
[Result "1/2-1/2"]
[WhiteElo "1856"]
[BlackElo "1976"]
[PlyCount "70"]
[EventDate "2000.??.??"]
[EventType "tourn (corr)"]
[EventRounds "4"]
[SourceTitle "Corr 2008"]
[Source "ChessBase"]
[SourceDate "2008.06.24"]
[SourceVersion "1"]
[SourceVersionDate "2008.06.24"]
[SourceQuality "1"]

1. d4 d5 2. c4 dxc4 3. e4 c5 4. d5 Nf6 5. Nc3 b5 6. e5 b4 7. exf6 bxc3 8. bxc3 Nd7 9. Qa4 exf6 10. Bf4 Qb6 11. Bxc4 Bd6 12. Ne2 0-0 13. 0-0 Bxf4 14. Nxf4 Qd6 15. Bd3 Ne5 16. Be2 Bf5 17. Rfd1 Rfb8 18. Rd2 Rb7 19. Rad1 Rab8 20. h3 g5 21. Nh5 Bg6 22. f4 Nd7 23. Qc6 Qe7 24. Kh1 gxf4 25. Nxf4 Qe5 26. Nxg6 hxg6 27. c4 Rb2 28. Qxd7 Rxd2 29. Rxd2 Rb1+ 30. Rd1 Rxd1+ 31. Bxd1 Qe1+ 32. Kh2 Qe5+ 33. g3 Qe3 34. Qc8+ Kg7 35. Qg4 Qf2+ 1/2-1/2

[Event "IECC Y2KO email"]
[Site "IECC email"]
[Date "1999.10.14"]
[Round "?"]
[White "Hudson, Shane"]
[Black "Frignani, Giorgio"]
[Result "1-0"]
[WhiteElo "1981"]
[BlackElo "1359"]
[PlyCount "105"]
[EventDate "1999.??.??"]
[EventType "tourn (corr)"]
[EventRounds "2"]
[SourceTitle "Corr 2008"]
[Source "ChessBase"]
[SourceDate "2008.06.24"]
[SourceVersion "1"]
[SourceVersionDate "2008.06.24"]
[SourceQuality "1"]

1. d4 Nf6 2. Nf3 g6 3. c3 d5 4. Bg5 Bg7 5. Nbd2 0-0 6. e3 Bf5 7. h3 Nbd7 8. Be2 c5 9. 0-0 Qb6 10. Qb3 h6 11. Bh4 Rfc8 12. Rfc1 c4 13. Qxb6 axb6 14. g4 Be6 15. Ne1 Ra5 16. Nc2 Rca8 17. Nb4 Nb8 18. f3 Nc6 19. a3 Nxb4 20. cxb4 Ra4 21. Bd1 R4a6 22. Nb1 Bd7 23. Nc3 e6 24. Kf2 Ne8 25. Bc2 e5 26. dxe5 Bxe5 27. Bb1 d4 28. exd4 Bxd4+ 29. Kg2 Be6 30. Bf2 Bxf2 31. Kxf2 Rd8 32. Re1 Rd2+ 33. Re2 Rxe2+ 34. Kxe2 f5 35. Bc2 Nc7 36. Rd1 Kf7 37. Rd8 Kf6 38. Rh8 Kg7 39. Rb8 Ra7 40. Rd8 fxg4 41. fxg4 h5 42. gxh5 gxh5 43. h4 b5 44. Be4 Kf6 45. Rb8 Bd7 46. Rxb7 Rxb7 47. Bxb7 Ke5 48. Ke3 Ne6 49. Ne2 Ng7 50. Nd4 Be8 51. Bc8 Kd5 52. Ba6 Ke5 53. Bxb5 1-0

[Event "IECC TH-M email"]
[Site "IECC email"]
[Date "1999.04.23"]
[Round "?"]
[White "Hudson, Shane"]
[Black "Bilsel, Sabahaddin"]
[Result "1/2-1/2"]
[WhiteElo "1969"]
[BlackElo "1964"]
[PlyCount "60"]
[EventDate "1999.??.??"]
[EventType "match (corr)"]
[EventRounds "2"]
[SourceTitle "Corr 2008"]
[Source "ChessBase"]
[SourceDate "2008.06.24"]
[SourceVersion "1"]
[SourceVersionDate "2008.06.24"]
[SourceQuality "1"]

1. d4 d5 2. c4 dxc4 3. e4 e5 4. Nf3 exd4 5. Bxc4 Bb4+ 6. Bd2 Bxd2+ 7. Nbxd2 Nc6 8. 0-0 Nf6 9. e5 Ng4 10. h3 Nh6 11. Nb3 Nf5 12. Bb5 Qd5 13. Nbxd4 Nfxd4 14. Nxd4 Bd7 15. Bxc6 Bxc6 16. Nxc6 Qxc6 17. Rc1 Qb6 18. Qa4+ c6 19. Rcd1 0-0 20. Rd2 Rfe8 21. Re1 Rad8 22. Rxd8 Rxd8 23. Rd1 Rxd1+ 24. Qxd1 g6 25. Qd2 Kg7 26. Qc3 Kf8 27. g4 Ke7 28. b3 h6 29. Kg2 g5 30. Qf3 Qd4 1/2-1/2

[Event "IECC KO email"]
[Site "IECC email"]
[Date "1999.02.15"]
[Round "?"]
[White "Cornell, David"]
[Black "Hudson, Shane"]
[Result "0-1"]
[WhiteElo "1728"]
[BlackElo "1913"]
[PlyCount "42"]
[EventDate "1999.??.??"]
[EventType "tourn (corr)"]
[EventRounds "6"]
[SourceTitle "Corr 2008"]
[Source "ChessBase"]
[SourceDate "2008.06.24"]
[SourceVersion "1"]
[SourceVersionDate "2008.06.24"]
[SourceQuality "1"]

1. b3 e5 2. Bb2 Nc6 3. e3 d5 4. Bb5 Bd6 5. f4 Qh4+ 6. g3 Qe7 7. Nf3 Bg4 8. fxe5 Bxe5 9. Bxe5 Bxf3 10. Qxf3 Qxe5 11. Nc3 Nf6 12. 0-0 Qd6 13. e4 0-0-0 14. exd5 Qc5+ 15. Kg2 Nd4 16. Qd3 Nxb5 17. Qf5+ Kb8 18. Nxb5 Rxd5 19. Qf4 Qc6 20. Qxc7+ Qxc7 21. Nxc7 Rxd2+ 0-1

[Event "IECC KO email"]
[Site "IECC email"]
[Date "1999.02.15"]
[Round "?"]
[White "Hudson, Shane"]
[Black "Cornell, David"]
[Result "1-0"]
[WhiteElo "1905"]
[BlackElo "1736"]
[PlyCount "41"]
[EventDate "1999.??.??"]
[EventType "tourn (corr)"]
[EventRounds "6"]
[SourceTitle "Corr 2008"]
[Source "ChessBase"]
[SourceDate "2008.06.24"]
[SourceVersion "1"]
[SourceVersionDate "2008.06.24"]
[SourceQuality "1"]

1. e4 b6 2. d4 Bb7 3. Bd3 Nf6 4. Nd2 Nc6 5. Ngf3 e6 6. c3 Ne7 7. 0-0 g6 8. e5 Nfd5 9. Ne4 Bg7 10. c4 Nb4 11. Bb1 0-0 12. a3 Nbc6 13. Bg5 h6 14. Bf6 d6 15. exd6 cxd6 16. d5 exd5 17. cxd5 Ne5 18. Nxe5 Bxf6 19. Nxf6+ Kg7 20. Nc4 Kxf6 21. Qd4+ 1-0

[Event "IECC Trio 612 email"]
[Site "IECC email"]
[Date "1998.09.12"]
[Round "?"]
[White "Hudson, Shane"]
[Black "Lewis, Matthew"]
[Result "0-1"]
[WhiteElo "1915"]
[BlackElo "1852"]
[PlyCount "104"]
[EventDate "1998.??.??"]
[EventType "tourn (corr)"]
[EventRounds "4"]
[SourceTitle "Corr 2008"]
[Source "ChessBase"]
[SourceDate "2008.06.24"]
[SourceVersion "1"]
[SourceVersionDate "2008.06.24"]
[SourceQuality "1"]

1. d4 Nf6 2. Nf3 e6 3. c4 d5 4. g3 dxc4 5. Bg2 Nc6 6. 0-0 Rb8 7. Nc3 b5 8. Ne5 Nxe5 9. dxe5 Nd7 10. Bc6 b4 11. Ne4 Bb7 12. Bxb7 Rxb7 13. Qa4 c6 14. Qxc6 Qc7 15. Qxc7 Rxc7 16. Nd6+ Bxd6 17. exd6 Rc6 18. Rd1 0-0 19. Be3 c3 20. Rac1 Rfc8 21. bxc3 bxc3 22. Rc2 a6 23. Rd3 e5 24. f3 f5 25. Bc1 Kf7 26. Ba3 e4 27. fxe4 fxe4 28. Rd1 Ke6 29. Rb1 Nb6 30. Rb3 Nd5 31. Rb7 Ne3 32. Re7+ Kf6 33. Rc1 Rc4 34. Ra7 c2 35. Rxa6 Ke6 36. Ra7 Nf5 37. g4 Nxd6 38. Rxg7 Nb5 39. Re7+ Kd5 40. Bb2 Rb4 41. Bg7 Rb1 42. Bh6 Nc3 43. Kf2 Nxa2 44. Rg1 Rc3 45. Rg3 Rxg3 46. Kxg3 Rb3+ 47. Kh4 e3 48. Rxe3 c1Q 49. Rd3+ Rxd3 50. Bxc1 Rb3 51. Bf4 Nc3 52. e3 Ke4 0-1

[Event "IECC Quad-555 email"]
[Site "IECC email"]
[Date "1998.05.27"]
[Round "?"]
[White "Hudson, Shane"]
[Black "Newman, Nelson"]
[Result "1-0"]
[WhiteElo "1872"]
[BlackElo "2007"]
[PlyCount "81"]
[EventDate "1998.??.??"]
[EventType "tourn (corr)"]
[EventRounds "6"]
[SourceTitle "Corr 2008"]
[Source "ChessBase"]
[SourceDate "2008.06.24"]
[SourceVersion "1"]
[SourceVersionDate "2008.06.24"]
[SourceQuality "1"]

1. Nf3 d5 2. c4 e6 3. d4 c5 4. cxd5 exd5 5. g3 Nc6 6. Bg2 Nf6 7. 0-0 Be7 8. Nc3 0-0 9. dxc5 Bxc5 10. Bg5 d4 11. Bxf6 Qxf6 12. Nd5 Qd8 13. Nd2 Re8 14. Rc1 Bb6 15. Nc4 Bg4 16. Re1 Bc5 17. a3 a6 18. b4 Ba7 19. Qd2 Rc8 20. Qf4 Be6 21. Qd6 Bb8 22. Qxd8 Rcxd8 23. Ndb6 Bg4 24. Kf1 Bf5 25. Nb2 Ba7 26. Nd5 Bb8 27. Nd3 Bxd3 28. exd3 Ne5 29. Rcd1 b5 30. h3 Kf8 31. Re2 Ng6 32. Rxe8+ Rxe8 33. Rc1 Ne5 34. Be4 h6 35. Nc7 Bxc7 36. Rxc7 g6 37. Bb7 Nxd3 38. Rc8 Rxc8 39. Bxc8 Nb2 40. Bxa6 Nc4 41. a4 1-0

[Event "IECC Quad-555 email"]
[Site "IECC email"]
[Date "1998.05.27"]
[Round "?"]
[White "Hudson, Shane"]
[Black "Roldan Ortiz, Antonio Jose"]
[Result "0-1"]
[WhiteElo "1900"]
[BlackElo "2007"]
[PlyCount "112"]
[EventDate "1998.??.??"]
[EventType "tourn (corr)"]
[EventRounds "6"]
[SourceTitle "Corr 2008"]
[Source "ChessBase"]
[SourceDate "2008.06.24"]
[SourceVersion "1"]
[SourceVersionDate "2008.06.24"]
[SourceQuality "1"]

1. Nf3 e6 2. d4 c5 3. c4 Nf6 4. d5 b5 5. Bg5 h6 6. Bxf6 Qxf6 7. Nc3 b4 8. Nb5 Na6 9. e4 e5 10. a3 bxa3 11. Rxa3 Bd6 12. Nh4 Bb8 13. Nf5 g6 14. Ne3 Nb4 15. Be2 Bb7 16. Ng4 Qb6 17. Rh3 a6 18. Nc3 h5 19. Qd2 Rf8 20. Ne3 Bc7 21. 0-0 Qd6 22. Ra1 Rb8 23. Nc2 Nxc2 24. Qxc2 Rh8 25. Qd2 Ba8 26. Na2 h4 27. Nc1 Qe7 28. Rxa6 d6 29. Bg4 Bb7 30. Ra4 Bd8 31. b4 cxb4 32. Rxb4 Ra8 33. Qb2 Bc8 34. Bxc8 Rxc8 35. Rb7 Rc7 36. Rxc7 Qxc7 37. Rc3 h3 38. g3 Be7 39. Nd3 Kf8 40. f4 Kg7 41. fxe5 Rb8 42. Qc1 Qa7+ 43. c5 dxc5 44. Nf4 Qa4 45. Rc4 Qa2 46. Rc2 Qa4 47. Re2 Qd4+ 48. Kf1 Bg5 49. Qc2 Bxf4 50. gxf4 c4 51. e6 c3 52. Qc1 Rb2 53. e7 Qc4 54. Kg1 Rxe2 55. e8Q Qd4+ 56. Kh1 Qd3 0-1

[Event "IECC Quad-555 email"]
[Site "IECC email"]
[Date "1998.05.27"]
[Round "?"]
[White "Raijmaekers, Kees"]
[Black "Hudson, Shane"]
[Result "1/2-1/2"]
[WhiteElo "1984"]
[BlackElo "1894"]
[PlyCount "134"]
[EventDate "1998.??.??"]
[EventType "tourn (corr)"]
[EventRounds "6"]
[SourceTitle "Corr 2008"]
[Source "ChessBase"]
[SourceDate "2008.06.24"]
[SourceVersion "1"]
[SourceVersionDate "2008.06.24"]
[SourceQuality "1"]

1. d4 d6 2. c4 e5 3. Nf3 e4 4. Ng5 f5 5. Nh3 c6 6. Nc3 Na6 7. Nf4 Nf6 8. e3 Nc7 9. d5 Be7 10. h4 0-0 11. Be2 cxd5 12. cxd5 Nd7 13. h5 Bg5 14. g3 Qe7 15. b3 Nf6 16. Ba3 Bd7 17. 0-0 Rfd8 18. Kg2 Be8 19. Rh1 Bf7 20. Bc4 Qe8 21. Be2 Bxf4 22. gxf4 Ncxd5 23. Nxd5 Bxd5 24. Bb2 Qe6 25. h6 Rd7 26. Rh3 Kf8 27. Qd4 Ne8 28. Rd1 Bc6 29. hxg7+ Rxg7+ 30. Kh1 h6 31. Bh5 Rg8 32. Rg1 Rxg1+ 33. Kxg1 Ke7 34. Qh8 Rc8 35. Rg3 Kd7 36. Qf8 Rd8 37. Rg6 Qd5 38. Rg8 Kc8 39. Bf6 Qxg8+ 40. Qxg8 Nxf6 41. Qe6+ Nd7 42. Qxd6 Rf8 43. Qxh6 Rg8+ 44. Kf1 Bb5+ 45. Be2 Bxe2+ 46. Kxe2 Kc7 47. Qe6 Rf8 48. b4 Rf6 49. Qd5 a6 50. a4 Kc8 51. Qc4+ Rc6 52. Qg8+ Kc7 53. Qd5 Rf6 54. a5 Kc8 55. f3 exf3+ 56. Kxf3 Kc7 57. b5 axb5 58. Qxb5 Kc8 59. Kg3 Kc7 60. Kh4 Rh6+ 61. Kg5 Rc6 62. Qb4 Rc5 63. Kg6 Rd5 64. Kf7 Nc5 65. Qb6+ Kd7 66. Kg8 Ke7 67. Kg7 Ne6+ 1/2-1/2

[Event "IECC Quad-555 email"]
[Site "IECC email"]
[Date "1998.05.27"]
[Round "?"]
[White "Roldan Ortiz, Antonio Jose"]
[Black "Hudson, Shane"]
[Result "1/2-1/2"]
[WhiteElo "2056"]
[BlackElo "1889"]
[PlyCount "114"]
[EventDate "1998.??.??"]
[EventType "tourn (corr)"]
[EventRounds "6"]
[SourceTitle "Corr 2008"]
[Source "ChessBase"]
[SourceDate "2008.06.24"]
[SourceVersion "1"]
[SourceVersionDate "2008.06.24"]
[SourceQuality "1"]

1. b4 e5 2. Bb2 f6 3. e4 d5 4. exd5 Qxd5 5. Nc3 Qf7 6. b5 Nh6 7. Be2 Be7 8. Bh5 g6 9. Bf3 c6 10. bxc6 Nxc6 11. Nb5 Bc5 12. Bd5 Qd7 13. Qf3 Ne7 14. Bc4 a6 15. Nc3 Qd4 16. Bb3 Bg4 17. Qe3 Nef5 18. Qxd4 Nxd4 19. h3 Bf5 20. d3 Nxb3 21. axb3 Rc8 22. Nge2 0-0 23. 0-0 Rfd8 24. Rac1 Nf7 25. g4 Be6 26. Ne4 Be7 27. f4 f5 28. gxf5 gxf5 29. N4c3 Bc5+ 30. Kh2 Be3 31. Rce1 e4 32. dxe4 Rd2 33. Rf3 Rxc2 34. exf5 Bxf5 35. Rxe3 Rxb2 36. Nd5 Rc5 37. Ne7+ Kf8 38. Nxf5 Rxf5 39. Kg3 Nd6 40. Nd4 Rd5 41. Ne6+ Kf7 42. Ng5+ Kg6 43. Kf3 h6 44. Ne6 Nf5 45. Rc3 Rb5 46. Nc5 Nd4+ 47. Ke4 Nxb3 48. Nd3 Rb1 49. Re2 Kf6 50. Rc8 a5 51. Rg2 Rh5 52. Rgg8 Nd2+ 53. Ke3 Nf1+ 54. Kd4 Rxh3 55. Rgf8+ Ke7 56. Rfe8+ Kf6 57. Rf8+ Ke7 1/2-1/2